Diagnostic Radiology in Paediatrics (Record no. 1467)

MARC details
000 -LEADER
fixed length control field 00770cam a2200253 i 4500
001 - CONTROL NUMBER
control field 3651325
003 - CONTROL NUMBER IDENTIFIER
control field OSt
005 - DATE AND TIME OF LATEST TRANSACTION
control field 20220414112424.0
008 - FIXED-LENGTH DATA ELEMENTS--GENERAL INFORMATION
fixed length control field 760318s1977 enka b 001 0 eng
010 ## - LIBRARY OF CONGRESS CONTROL NUMBER
LC control number 76009080
020 ## - INTERNATIONAL STANDARD BOOK NUMBER
International Standard Book Number 0407001212
040 ## - CATALOGING SOURCE
Original cataloging agency DLC
Transcribing agency DLC
Modifying agency DLC
050 00 - LIBRARY OF CONGRESS CALL NUMBER
Classification number RJ51.R3
Item number G6
082 00 - DEWEY DECIMAL CLASSIFICATION NUMBER
Classification number WN240 G653d 1977
100 1# - MAIN ENTRY--PERSONAL NAME
Personal name Gordon, Ian Ronald Simson; Ross, Francis George Mabyn
9 (RLIN) 3873
245 10 - TITLE STATEMENT
Title Diagnostic Radiology in Paediatrics
260 ## - PUBLICATION, DISTRIBUTION, ETC. (IMPRINT)
Place of publication, distribution, etc. London ;
Name of publisher, distributor, etc. Butterworths,
Date of publication, distribution, etc. 1977.
300 ## - PHYSICAL DESCRIPTION
Extent xii, 384 p. :
Other physical details ill. ;
Dimensions 29 cm.
440 #0 - SERIES STATEMENT/ADDED ENTRY--TITLE
Title Postgraduate paediatrics series
9 (RLIN) 3874
504 ## - BIBLIOGRAPHY, ETC. NOTE
Bibliography, etc Includes bibliographies and index.
650 #0 - SUBJECT ADDED ENTRY--TOPICAL TERM
Topical term or geographic name as entry element Pediatric radiology.
9 (RLIN) 3875
906 ## - LOCAL DATA ELEMENT F, LDF (RLIN)
a 7
b cbc
c orignew
d 1
e ocip
f 19
g y-gencatlg
942 ## - ADDED ENTRY ELEMENTS (KOHA)
Source of classification or shelving scheme Other/Generic Classification Scheme
Koha item type Short Loan
Holdings
Withdrawn status Lost status Source of classification or shelving scheme Damaged status Not for loan Home library Current library Date acquired Source of acquisition Inventory number Total Checkouts Full call number Barcode Date last seen Koha item type
    Other/Generic Classification Scheme     MUST Main Library MUST Main Library 15/04/2015 Purchase 01/16482   WN 240 G653d 1977 2015-0985 15/04/2015 Short Loan